Country Flag by Socks Click Quiz Stats

 Plays Quiz Updated Feb 21, 2018

Also try: Painting by Socks
Challenge
Share
Tweet
Score 0/24 Timer 04:00
13 Plays Today
% Correct
USA
93.6%
Canada
93.6%
South Korea
92.8%
Germany
91.9%
Brazil
91.8%
Japan
91.7%
Israel
91.1%
Argentina
85.7%
Russia
85.5%
Jamaica
84.5%
Mexico
83%
India
82.9%
% Correct
South Africa
82.5%
New Zealand
82.3%
United Kingdom
82%
France
81.2%
Colombia
80.6%
Nigeria
75.7%
Australia
74%
Peru
73.7%
Cameroon
73.4%
Kiribati
71.9%
Algeria
70.5%
Marshall Islands
62.1%

You're not logged in!

Compare scores with friends on all Sporcle quizzes.
OR
Log In

You Might Also Like...

Show Comments

Extras

Top Quizzes Today


Score Distribution

Your Account Isn't Verified!

In order to create a playlist on Sporcle, you need to verify the email address you used during registration. Go to your Sporcle Settings to finish the process.

Report this User

Report this user for behavior that violates our Community Guidelines.

Details: